| 000 | 05855cam a22018254i 4500 | ||
|---|---|---|---|
| 003 | PE-LiUPU | ||
| 005 | 20250813165541.0 | ||
| 008 | 190718s2018 sp a r 001 0 spa d | ||
| 020 | _a8417033653 | ||
| 020 | _a9788417033651 | ||
| 035 | _a(Sirsi) a252329 | ||
| 040 |
_aPE-LiUPU _bspa _cPE-LiUPU _erda |
||
| 049 | _aPRUA | ||
| 082 | 0 | 4 |
_a612 _bF5 _223 |
| 245 |
_aFisiología médica : _bfundamentos de medicina clínica / _ceditor, Rodney A. Rhoades, David R. Bell. |
||
| 250 | _a5a edición. | ||
| 264 | 1 |
_aBarcelona : _bWolters Kluwer, _c2018. |
|
| 300 |
_axvii, 861 páginas : _bilustraciones ; _c28 centímetros |
||
| 336 |
_atext _2rdacontent |
||
| 337 |
_aunmediated _2rdamedia |
||
| 338 |
_avolume _2rdacarrier |
||
| 504 | _aÍndice: páginas 835-861. | ||
| 505 | 0 | _aFisiología celular -- Fisiología médica: una revisión general -- Señalización, transporte y potencial de membrana celulares -- Fisiología neuromuscular -- Potencial de acción, transmisión sináptica y función nerviosa -- Fisiología sensitiva -- Sistema motor -- Sistema nervioso autónomo -- Funciones integradoras del sistema nervioso central -- Músculos esquelético y listo -- Hematología e inmunología -- Componentes y función de la sangre -- Inmunología, interacción entre órganos y homeostasis -- Fisiología cardiovascular -- Resumen del aparato cardiovascular y la hemodinámica -- Actividad eléctrica del corazón -- Mecánica del músculo y la bomba cardiacos -- Circulación sistemática -- Microcirculación y sistema linfático -- Circulaciones especiales -- Mecanismos de control de la función cardiovascular -- Fisiología respiratoria -- Ventilación y mecánica de la respiración -- Transferencia y transporte d gases -- Circulación pulmonar y ventilación/perfusión -- Control de ventilación -- Fisiología renal y líquidos corporales -- Función renal -- Regulación de líquidos y equilibrio hidroelectrolítico -- Homeostasis acido básica -- Fisiología gastrointestinal -- Funciones del sistema gastrointestinal -- Funciones hepáticas y detección inmunitaria -- Motilidad y regulación gastrointestinales -- Regulación de la temperatura y fisiología del ejercicio -- Regulación de la temperatura corporal -- Fisiología del ejercicio -- Fisiología endocrina -- Mecanismos de control endocrino -- Hipotálamo y la glándula hipófisis -- Glándula tiroides -- Glándula suprarrenal -- Páncreas endocrino -- Regulación endocrina de calcio, fosfato y la homeostasis ósea -- Fisiología de la reproducción -- Aparato reproductor masculino -- Aparato reproductor femenino -- Fecundación, embarazo y desarrollo fetal. | |
| 526 | _aP203 | ||
| 526 | _aP200 | ||
| 526 | _aSEG65 | ||
| 526 | _aSEG64 | ||
| 526 | _aSEG63 | ||
| 526 | _aSEG62 | ||
| 526 | _aSEG61 | ||
| 526 | _aSEG60 | ||
| 526 | _aSEG59 | ||
| 526 | _aSEG58 | ||
| 526 | _aSEG57 | ||
| 526 | _aSEG56 | ||
| 526 | _aSEG55 | ||
| 526 | _aSEG54 | ||
| 526 | _aSEG53 | ||
| 526 | _aSEG52 | ||
| 526 | _aSEG51 | ||
| 526 | _aSEG50 | ||
| 526 | _aSEG49 | ||
| 526 | _aSEG48 | ||
| 526 | _aSEG47 | ||
| 526 | _aSEG46 | ||
| 526 | _aSEG24 | ||
| 526 | _aSEG23 | ||
| 526 | _aSEG22 | ||
| 526 | _aSEG21 | ||
| 526 | _aSEG20 | ||
| 526 | _aSEG19 | ||
| 526 | _aSEG18 | ||
| 526 | _aSEG17 | ||
| 526 | _aSEG16 | ||
| 526 | _aSEG14 | ||
| 526 | _aSEG13 | ||
| 526 | _aSEG12 | ||
| 526 | _aSEG11 | ||
| 526 | _aSEG10 | ||
| 526 | _aSEG09 | ||
| 526 | _aSEG06 | ||
| 526 | _aSEG05 | ||
| 526 | _aSEG04 | ||
| 526 | _aSEG03 | ||
| 526 | _aSEG02 | ||
| 526 | _aSEG68 | ||
| 526 | _aSEG66 | ||
| 526 | _aSEG45 | ||
| 526 | _aSEG25 | ||
| 526 | _aSEG01 | ||
| 526 | _aP163 | ||
| 526 | _aP162 | ||
| 526 | _aP161 | ||
| 526 | _aP160 | ||
| 526 | _aP159 | ||
| 526 | _aP158 | ||
| 526 | _aP157 | ||
| 526 | _aP156 | ||
| 526 | _aP155 | ||
| 526 | _aP154 | ||
| 526 | _aP153 | ||
| 526 | _aP152 | ||
| 526 | _aP151 | ||
| 526 | _aP150 | ||
| 526 | _aP149 | ||
| 526 | _aP142 | ||
| 526 | _aP141 | ||
| 526 | _aP140 | ||
| 526 | _aP139 | ||
| 526 | _aP138 | ||
| 526 | _aP137 | ||
| 526 | _aP132 | ||
| 526 | _aP131 | ||
| 526 | _aP130 | ||
| 526 | _aP126 | ||
| 526 | _aP125 | ||
| 526 | _aP124 | ||
| 526 | _aP123 | ||
| 526 | _aP115 | ||
| 526 | _aP122 | ||
| 526 | _aP121 | ||
| 526 | _aP116 | ||
| 526 | _a P114 | ||
| 526 | _aP112 | ||
| 526 | _aP111 | ||
| 526 | _aP104 | ||
| 526 | _aP103 | ||
| 526 | _aP102 | ||
| 526 | _aP101 | ||
| 526 | _aP100 | ||
| 526 | _aP96 | ||
| 526 | _aP95 | ||
| 526 | _aP93 | ||
| 526 | _aP92 | ||
| 526 | _aP91 | ||
| 526 | _aP88 | ||
| 526 | _aP83 | ||
| 526 | _aP82 | ||
| 526 | _aP79 | ||
| 526 | _aP78 | ||
| 526 | _aP75 | ||
| 526 | _aP74 | ||
| 526 | _aP71 | ||
| 526 | _aP69 | ||
| 526 | _a P51 | ||
| 526 | _aP49 | ||
| 526 | _aP48 | ||
| 526 | _aP47 | ||
| 526 | _aP33 | ||
| 526 | _aP31 | ||
| 526 | _a P30 | ||
| 526 | _aP29 | ||
| 526 | _aP27 | ||
| 526 | _aP26 | ||
| 526 | _aP25 | ||
| 526 | _aP24 | ||
| 526 | _a P22 | ||
| 526 | _aP10 | ||
| 526 | _aP09 | ||
| 526 | _a P08 | ||
| 526 | _aP06 | ||
| 526 | _aP05 | ||
| 526 | _aP04 | ||
| 526 | _aP01 | ||
| 541 | _gE001-5; | ||
| 650 | 0 | 4 | _aFisiología. |
| 650 | 0 | 7 |
_aFisiología humana _2embne. _9750 |
| 700 | 1 |
_aRhoades, Rodney A., _eeditor. |
|
| 700 | 1 |
_aBell, David R. _eeditor. |
|
| 910 |
_abrg _bksl _cksl _d20190718 |
||
| 942 |
_2ddc _cBOOK |
||
| 994 |
_aC0 _bPEPRU |
||
| 596 | _a1 | ||
| 999 |
_a612 F5 _wDEWEY _c31557 _i80301 _d31557 _e2020-3-8 _f2021-11-3 _g3 _lCCODEBUL1 _mBUL _n13 _p94.74 _q6 _r0 _sY _tBOOK _u2019-7-18 _xSALUD _zP30 _0COMPRA _1FCOMPR3 _o.PUBLIC. ¡Material de alto precio! _o.STAFF. Colección Ciencias de la Salud |
||
| 980 |
_81 _gALBERTO SANCHEZ Responsable de Automatización |
||